Normal view
MARC view
Entry Nombre personal
001 - NÚMERO DE CONTROL
- campo de control: 77896
003 - IDENTIFICADOR DEL NÚMERO DE CONTROL
- campo de control: BNPHU
005 - FECHA Y HORA DE LA ÚLTIMA TRANSACCIÓN
- campo de control: 20240226160452.0
008 - DATOS DE LONGITUD FIJA
- campo de control de longitud fija: 210223|| aca||aabn | a|a d
040 ## - FUENTE DE LA CATALOGACIÓN
- Centro catalogador/agencia de origen: DO-SdBNPH
- Lengua de catalogación: spa
- Centro/agencia transcriptor: BNPHU
- Normas de descripción: rda
100 1# - ENCABEZAMIENTO-NOMBRE DE PERSONA
- Nombre de persona: Martínez Salazar, Elisa C.,
- Fechas asociadas al nombre: 1989-
370 ## - LUGAR ASOCIADO
- Lugar de nacimiento: Santo Domingo, República Dominicana
374 ## - OCUPACIÓN
- Ocupación: Escritora
- Ocupación: Vocalista
375 ## - GÉNERO/SEXO
- Género/Sexo: Femenino
377 ## - LENGUA/LENGUAJE ASOCIADO
- Código del idioma: spa
- Término de lengua/lenguaje: Español
400 1# - TRAZADO DE VÉASE--NOMBRE DE PERSONA
- Nombre de persona: Martínez, Elisa C. Salazar,
410 ## - TRAZADO DE VÉASE--NOMBRE DE ENTIDAD CORPORATIVA
- Nombre de entidad corporativa o nombre de jurisdicción como elemento de entrada: Salazar, Elisa Martínez
670 ## - FUENTE DE DATOS ENCONTRADOS
- Cita de la fuente: Work cat.: (OSt): Martínez Salazar, Elisa C., 1989-, Desvelo, silencios y recuerdos /, 2020.
